00527nam a2200181Ia 4500003000900000008004100009020001800050040001600068080002200084245005500106260004200161300001500203650004100218650001900259650002200278700002100300700002400321IN-BaIIA211028s9999 xx 000 0 eng d a90-277-0796-0 cIIA Library a082.2:52bIAU-S75 0aStar formationcedited by T. de Jong and A. Maeder aDordrechtbD. Reidel Publishingc1977 axiv, 296p. aAstronomy and Astrophysics Thesaurus aStar formation aStellar evolution aJong, De T., ed. aMaeder, Andre., ed.